| 000 | 01021cam a2200313 a 4500 | ||
|---|---|---|---|
| 001 | 1072706 | ||
| 003 | OSt | ||
| 005 | 20151205084941.0 | ||
| 008 | 910821s1992 txua 001 0 eng | ||
| 010 | _a 91050635 | ||
| 020 | _a9812549951 | ||
| 040 |
_aDLC _cDLC _dDLC |
||
| 050 | 0 | 0 |
_aQD 31.2 _b.W624 2005 |
| 082 | 0 | 0 |
_aIB 540 _bG28 2005 |
| 100 | 1 | _aWhitten, Kenneth W. | |
| 245 | 1 | 0 |
_aGeneral chemistry / _cKenneth W. Whitten, Raymond E. Davis, M. Larry Peck and George G. Stanley |
| 250 | _a7th ed. | ||
| 260 |
_aAustralia : _bThomson Brooks/Cole _cc2005. |
||
| 300 |
_a 1132 p. : _bill. (some col.) ; _c26 cm. |
||
| 490 | 0 | _aSaunders golden sunburst series | |
| 500 | _aIncludes index. | ||
| 650 | 0 | _aChemistry. | |
| 700 | 1 | _aGailey, Kenneth D. | |
| 700 | 1 |
_aDavis, Raymond E., _d1938- |
|
| 906 |
_a7 _bcbc _corignew _d2 _eocip _f19 _gy-gencatlg |
||
| 942 |
_2lcc _cBK |
||
| 999 |
_c556 _d556 |
||